000 02443nam0a2200409 4500
001 RU\NLR\bibl\611036
005 20260405232325.0
010 _a5-93157-065-9
_9500
021 _aRU
_b2004-75030
_93699
035 _a(NLR Aleph) 000602933
090 _a6814
_c6814
100 _a20050217d2004 |||y0rusy50 ca
101 0 _arus
102 _aRU
105 _aa |||||||||
135 _acrmn mmmanaba
200 1 _aТехническое регулирование и промышленная безопасность
_iМагистральные трубопроводы
_f[В.С. Аванесов, А.Б. Александров, С.А. Александров и др.]
_gпод ред. проф. А.И. Владимирова, проф. В.Я. Кершенбаума
210 _aМ.
_cРос. инж. акад.
_cМеждунар. Союз науч. и инж. объединений
_d2004
215 _a364 с.
_cил.
_d21
225 1 _aСерия "Конкурентоспособность и управление качеством в нефтегазовом комплексе"
300 _aАвт. указаны на обороте тит. л.
325 1 _aКопия доступна в электронной библиотеке РНБ
606 0 _aТрубопроводы магистральные
_xБезопасность
_92346495
_3RU\NLR\auth\661402212
606 0 _aТрубопроводный транспорт
_xТрубопроводы
_xБезопасность
_92346496
_3RU\NLR\auth\661402213
686 _aО71-022.13
701 1 _aАванесов
_bВ. С.
_4070
701 1 _4070
_8rus
_7ca
_aАлександров
_bА. Б.
_cинженер, пром. безопасность
_gАлексей Борисович
_3RU\NLR\auth\77106145
_989070
701 1 _4070
_7ca
_8rus
_aАлександров
_bС. А.
_cканд. техн. наук
_gСвятослав Алексеевич
_9268432
_3RU\NLR\AUTH\770268488
801 0 _aRU
_bNLR
_c20050217
_gPSBO
801 1 _aRU
_bNLR
_c20050217
901 _eКнижные издания
942 _cBOOK
980 _aNB
981 1 3 _a(13) Документы, защищенные авторским правом
_b(13) Современная научная, научно-популярная и популярная л